| 000 | 00391nam a22001697a 4500 | ||
|---|---|---|---|
| 005 | 20260413144215.0 | ||
| 008 | 160627b xxu||||| |||| 00| 0 eng d | ||
| 020 | _a014303047-7 | ||
| 041 | _aeng | ||
| 082 | _a954.05 | ||
| 100 |
_aTully, Mark _93001 |
||
| 245 | _aIndia in slow motion | ||
| 260 |
_bPenguin India _c2002 |
||
| 300 | _a302 | ||
| 650 |
_aHISTORY OF INDIA _98981 |
||
| 942 | _cBK | ||
| 999 |
_c4340 _d4339 |
||